Pays qui commencent par la lettre S - Statistiques

Statistiques générales
  • Ce quiz a été pris 403 fois
  • Le résultat moyen est 15 sur 22
Statistiques - réponses
Population Pays % Correct
5,42M Slovaquie
90%
2,12M Slovénie
89%
10,57M Suède
87%
50,45M Soudan
85%
9,03M Suisse
83%
19,01M Somalie
80%
6,58M Serbie
77%
11,94M Soudan du Sud
72%
634.43K Suriname
72%
24,67M Syrie
71%
21,92M Sri Lanka
68%
23,97K Saint-Marin
61%
18,5M Senegal
61%
179,74K Sainte-Lucie
59%
6,03M Singapour
58%
8,64M Sierra Leone
56%
6,33M Salvador
55%
121,35K Seychelles
55%
100,61K Saint-Vincent-et-les-Grenadines
52%
218,01K Samoa
50%
235,53K São Tomé-et-Principe
50%
46,84K Saint-Christophe-et-Niévès
47%
Aucun quiz correspondant
Distribution des résultats
% des personnes avec chaque résultat
Percentile par nombre de réponses
Votre historique - résultats
Vous n’avez pas pris ce quiz